Top 10 Parma F.C. Goalscorers in Serie A - Statistics

General Stats
  • This quiz has been taken 428 times
  • The average score is 2 of 10
Answer Stats
Place Players # Goals % Correct
2 Hernán Crespo 72
94%
6 Alberto Gilardino 50
48%
=7 Gianfranco Zola 49
40%
4 Alessandro Melli 56
20%
10 Fabio Bonci 44
2%
=7 Július Korostelev 49
2%
3 Luciano Degara 62
2%
5 Stocchi 52
2%
1 William Bronzoni 78
2%
=7 Alberto Rizzati 49
1%
No matching quizzes found
Score Distribution
Percent of People with Each Score
Percentile by Number Answered
Your Score History
You have not taken this quiz